| 000 | nam a22 7a 4500 | ||
|---|---|---|---|
| 999 |
_c233401 _d233401 |
||
| 003 | Nust | ||
| 005 | 20170307125431.0 | ||
| 008 | 170307b xxu||||| |||| 00| 0 eng d | ||
| 020 | _a978-0-07-160405-5 | ||
| 040 | _cASAB | ||
| 082 | _a615.5 KAT | ||
| 245 | _aBasic and clinical pharmacology 2009 11ED | ||
| 246 | _abasic and clinical pharmacology | ||
| 300 | _a1218 p | ||
| 942 |
_2ddc _cBK |
||